03646nam a2200553 i 4500001001000000003000900010005001700019007000300036008004100039040003000080082003200110100004900142245007000191250001100261264003600272300002400308336002700332337003300359338002800392490005300420500003400473500007300507504002500580590002700605650005200632650003300684650004200717650005300759651004900812830006000861910004100921942001400962952013800976952013701114952013801251952014701389952014701536952013201683952013301815952013901948952014802087952014802235952014802383952013802531952013802669952013202807952013802939999001503077000008762DO-SdBNP20250204073951.0ta090918s1994 dr 001 0 spa d aDO-SdBNPbspacBNPHUerda 4a306.097293bL453h, 19942221 aLebrón Saviñon, Marianod1922-20149722710aHistoria de la cultura dominicana /cMariano Lebrón Saviñón a2a ed. aSanto Domingo :bTaller,c1994. a3 volumen ;c23 cm. 2rdacontentatextobtxt 2rdamediaasin mediaciónbn 2rdacurrieravolumenbnc1 aSesquicentenario de la independencia nacionalv9 aIncluye índice onomástico aIncluye referencias bibliográficas y notas al pie de las páginas aIncluye referencias  aInventariado, 2018/MFF 4aCulturazRepública DominicanaxHistoria91949 4aMovimientos literarios98573 4aLiteratura dominicanaxHistoria91311 4aAutores dominicanosxHistoria y crítica922117 aRepública dominicanaxCivilización97739 0aSesquicentenario de la independencia nacionaln9923298 aValidado. Control de calidad MMOLINA 2ddccLBS1 00102ddc51708PDaBNPHUbBNPHUcHDd2009-09-28oBNPHU DS 306.097293 L453h, 1994 p8762-100r2020-06-25tv.2, e.5w2020-06-25yLBS1 00102ddc56708DSaBNPHUbBNPHUcHDd2009-09-18oBNPHU DS 306.097293 L453h, 1994 p8762-30r2020-06-25tv.1, e.3w2020-06-25yLBS1 00102ddc56708DSaBNPHUbBNPHUcHDd2009-09-28oBNPHU DS 306.097293 L453h, 1994 p8762-40r2020-06-25tv. 1, e.4w2020-06-25yLBS1 001054708PDaGRbGRcHDd2009-09-28iLF1l0o306.097293 L453h, 1994 | v. 2, e. 3p8762-80r2020-06-25w2020-06-25yLFPDZPréstamo en sala 001054708PDaGRbGRcHDd2009-09-28iLF1l0o306.097293 L453h, 1994 | v. 2, e. 4p8762-90r2020-06-25w2020-06-25yLFPDZPréstamo en sala 0010718PDaPDbPDcHDd2009-09-18iLF1l0o306.097293 L453h, 1994 | v. 1p8762-10r2020-06-25w2020-06-25yLFPDZNo se presta 0010718PDaPDbPDcHDd2009-09-28iLF1l0o306.097293 L453h, 1994 | v. 3p8762-110r2020-06-25w2020-06-25yLFPDZNo se presta 0010718PDaPDbPDcHDd2011-04-28iLF1l0o306.097293 L453h, 1994 | v. 3, e. 2p8762-120r2020-06-25w2020-06-25yLFPDZNo se presta 001054708PDaPDbPDcHDd2011-04-28iLF1l0o306.097293 L453h, 1994 | v. 3, e. 3p8762-130r2020-06-25w2020-06-25yLFPDZPréstamo en sala 001054708PDaPDbPDcHDd2011-05-06iLF1l0o306.097293 L453h, 1994 | v. 3, e. 4p8762-140r2020-06-25w2020-06-25yLFPDZPréstamo en sala 001054708PDaPDbPDcHDd2011-05-06iLF1l0o306.097293 L453h, 1994 | v. 3, e. 5p8762-150r2020-06-25w2020-06-25yLFPDZPréstamo en sala 0010718PDaPDbPDcHDd2009-09-18iLF1l0o306.097293 L453h, 1994 | v. 1, e. 2p8762-20r2020-06-25w2020-06-25yLFPDZNo se presta 0010718PDaPDbPDcHDd2009-09-28iLF1l0o306.097293 L453h, 1994 | v. 1, e. 5p8762-50r2020-06-25w2020-06-25yLFPDZNo se presta 0010718PDaPDbPDcHDd2009-09-28iLF1l0o306.097293 L453h, 1994 | v. 2p8762-60r2020-06-25w2020-06-25yLFPDZNo se presta 0010718PDaPDbPDcHDd2009-09-28iLF1l0o306.097293 L453h, 1994 | v. 2, e. 2p8762-70r2020-06-25w2020-06-25yLFPDZNo se presta c8531d8531